Information handling in libraries in 21st century (Record no. 40088)

MARC details
000 -LEADER
fixed length control field 00363nam a2200133Ia 4500
082 ## - DEWEY DECIMAL CLASSIFICATION NUMBER
Classification number 025.520
Item number SHA
100 ## - MAIN ENTRY--AUTHOR NAME
Personal name SHARMA, R K
245 #0 - TITLE STATEMENT
Title Information handling in libraries in 21st century
260 ## - PUBLICATION, DISTRIBUTION, ETC. (IMPRINT)
Place of publication New Delhi
Name of publisher Ess Ess Pub
Year of publication 1989
650 ## - SUBJECT ADDED ENTRY--TOPICAL TERM
Topical Term Information handling
700 ## - ADDED ENTRY--PERSONAL NAME
Personal name TRIPATHI, B P
942 ## - ADDED ENTRY ELEMENTS (KOHA)
Koha item type Books
Holdings
Withdrawn status Lost status Damaged status Not for loan Home library Current library Date acquired Full call number Accession Number Koha item type
        RRII Library RRII Library 16/12/2021 025.520 SHA 20403 Books